000 00789nam a2200217Ia 4500
999 _c35825
_d35825
003 GCL
005 20240530102957.0
008 140319s9999 xx 000 0 ara d
040 _aGCL /
_cGCL
082 0 4 _a520.953
_bم ت
100 1 _aمؤيد الدين المرضى
245 1 0 _aتاريخ علم الفلك العربى /
_cمؤيد الدين المرضى ؛ تحقيق وتقديم جورج صليبا
260 _a[S.N] :
_bمركز دراسات الوحدة العربية
490 _aسلسلة تاريخ العلوم عند العرب
_v2
650 0 4 _aالعلماء
650 0 4 _aالعلوم عند العرب
650 0 4 _aالعلماء العرب
650 0 4 _aعلم الهيئة
700 0 _4جورج صليبا
_eمحقق ومقدم
942 _2ddc
_cBK